000 00735nam a22002537a 4500
003 UA-OsUOA
001 89504
007 ta
008 20121107b un ||||| |||| 00| 0 ukr d
100 _aГоловченко И.
700 _aМусиенко А.
090 _a821.161.2
_bГ61
942 _cBK
040 _aUA-OsUOA
_brus
_cUA-OsUOA
_dUA-OsUOA
245 _aЗолотые ворота. Черное солнце
_bТетралогия
300 _a686 с.
955 _a3
041 _arus
080 _a821.161.2
260 _aМ.
_bСоветский писатель
_c1985
246 3 1 _aКнига первая
_n
650 7 _a82 Література. Літературознавство
_2UDC
999 _c375791
_d375791